|
|
|
|
| LEADER |
00000nab a2200000 a 4500 |
| 001 |
vtls000663704 |
| 003 |
SK-MaSNL |
| 005 |
20260302182947.0 |
| 008 |
140303c1998 xo 0 slo |
| 015 |
|
|
|a SNBRB1998/06-15574
|
| 035 |
|
|
|a CLN000015890
|
| 040 |
|
|
|a SNKBUCL
|b slo
|c SNKBUCL
|e AACR2
|
| 041 |
0 |
|
|a slo
|
| 044 |
|
|
|a xo
|c SK
|
| 080 |
|
|
|a 616.833
|2 1997
|
| 100 |
1 |
|
|a Špalek, Peter
|4 aut
|9 514403
|
| 245 |
1 |
0 |
|a Chronická zápalová demyelinizačná polyradikuloneuritída
|b multifokálna progredujúca demyelinizácia, ktorá postihuje motorické a senzitívne vlákna najmä na končatinách
|c Peter Špalek
|
| 650 |
0 |
7 |
|a polyradikuloneuritída demyelinizačná zápalová chronická
|2 snkbucl
|9 895845
|
| 655 |
|
7 |
|a články z novín a časopisov
|2 snkbucl
|9 267496
|
| 773 |
0 |
|
|t Zdravotnícke noviny
|g Roč. 3, č. 22 (1998)
|
| 773 |
0 |
|
|t [Príl.] Lekárske listy
|g Č. 22 (1998), s. 17 a 19
|
| 850 |
|
|
|a Slovenská národná knižnica v Martine
|
| 852 |
|
|
|a SNK
|b KIS3GCP
|
| 958 |
|
|
|a SK
|
| 992 |
|
|
|a RBX
|
| 999 |
|
|
|c 1420002
|d 1421932
|